000 00347nam a2200157Ia 4500
003 OSt
005 20240302112254.0
008 170524s9999 xx 000 0 und d
020 _a ‎ 978-9350143735
040 _cIIMT UNIVERSITY MEERUT
100 _aAlover
245 0 _aPower System
260 _bThomson
260 _c2007
942 _2ddc
_c02
999 _c5409
_d5409